[Event "Madrid-ch Seniors 65"]
[Site "Madrid"]
[Date "2020.03.09"]
[Round "1"]
[White "Rodriguez Bachiller, Luis"]
[Black "Fernandez Garcia, Ignacio"]
[Result "0-1"]
[WhiteElo "1499"]
[BlackElo "1803"]
[PlyCount "54"]
[EventDate "2020.03.09"]
[EventType "swiss"]
[EventRounds "8"]
[EventCountry "ESP"]
[SourceTitle "EXT 2021"]
[Source "ChessBase"]
[SourceDate "2020.10.23"]
[SourceVersion "1"]
[SourceVersionDate "2020.10.23"]
[SourceQuality "1"]

1. d4 d5 2. Bf4 Nf6 3. e3 Bf5 4. Nd2 Nc6 5. c3 a6 6. Ngf3 e6 7. Be2 h6 8. Ne5 Bd6 9. Ndf3 g5 10. Nxc6 bxc6 11. Bg3 Ne4 12. Qa4 Qd7 13. Ne5 Bxe5 14. Bxe5 0-0 15. h3 Rfb8 16. b4 Nxc3 17. Qb3 Nxe2 18. Kxe2 a5 19. a3 c5 20. dxc5 Qb5+ 21. Kf3 Rb7 22. Rhc1 c6 23. Qc3 Kh7 24. h4 Be4+ 25. Kg3 gxh4+ 26. Kxh4 Qe2 27. Kg3 Rg8+ 0-1

[Event "Madrid-ch Seniors 50"]
[Site "Madrid"]
[Date "2020.01.15"]
[Round "3"]
[White "Rodriguez Bachiller, Luis"]
[Black "Tudela Garcia, Antonio"]
[Result "0-1"]
[WhiteElo "1568"]
[BlackElo "1567"]
[PlyCount "50"]
[EventDate "2020.01.13"]
[EventType "swiss"]
[EventRounds "9"]
[EventCountry "ESP"]
[SourceTitle "CBM 194 Extra"]
[Source "ChessBase"]
[SourceDate "2020.03.31"]
[SourceVersion "1"]
[SourceVersionDate "2020.03.31"]
[SourceQuality "1"]

1. e4 e5 2. Nf3 Nc6 3. Bb5 a6 4. Bxc6 dxc6 5. d4 exd4 6. Qxd4 Qxd4 7. Nxd4 Bc5 8. Be3 Nf6 9. f3 Bd7 10. Ke2 0-0-0 11. c3 h6 12. Nd2 Rhe8 13. N2b3 Bb6 14. Rad1 c5 15. Nc2 Nxe4 16. fxe4 Bg4+ 17. Kf2 Rxd1 18. Rxd1 Bxd1 19. Nca1 Rxe4 20. Nd2 Re6 21. Nc4 Ba7 22. b4 cxb4 23. Bxa7 Re2+ 24. Kf1 Rxa2 25. Bd4 Be2+ 0-1

[Event "Madrid-ch Previa-A"]
[Site "Madrid"]
[Date "2019.02.05"]
[Round "2"]
[White "Rodriguez Bachiller, Luis"]
[Black "Becerra Baigorri, Jose"]
[Result "1/2-1/2"]
[WhiteElo "1635"]
[BlackElo "1479"]
[PlyCount "162"]
[EventDate "2019.02.04"]
[EventType "swiss"]
[EventRounds "9"]
[EventCountry "ESP"]
[SourceTitle "EXT 2021"]
[Source "ChessBase"]
[SourceDate "2020.10.23"]
[SourceVersion "1"]
[SourceVersionDate "2020.10.23"]
[SourceQuality "1"]

1. Nf3 d5 2. c4 e6 3. g3 Nf6 4. Bg2 Be7 5. 0-0 0-0 6. cxd5 exd5 7. d4 c6 8. Nc3 h6 9. Qc2 Be6 10. Re1 Nbd7 11. Bd2 Bd6 12. Rad1 Re8 13. Nh4 Nf8 14. Nf5 Bc7 15. e4 Bxf5 16. exf5 Rxe1+ 17. Rxe1 Bb6 18. Be3 Ng4 19. Qe2 Nxe3 20. Qxe3 Qf6 21. Ne2 Qxf5 22. Nf4 Qf6 23. Rd1 Bc7 24. Nh5 Qe6 25. Nf4 Qxe3 26. fxe3 Bxf4 27. gxf4 Re8 28. Kf2 Nd7 29. Rd3 f5 30. Ra3 a6 31. Rb3 b5 32. Rc3 Nb8 33. b4 Kf7 34. h4 Ke6 35. h5 Kd6 36. Bh3 Ke6 37. Bg2 Re7 38. Rc1 a5 39. bxa5 Ra7 40. Bf1 Rxa5 41. Rc2 Ra7 42. Bh3 Ra6 43. Bf1 Nd7 44. a4 Rb6 45. axb5 cxb5 46. Rb2 b4 47. Ke1 Nf6 48. Be2 Ne4 49. Kd1 Nc3+ 50. Kd2 Nxe2 51. Kxe2 Kd6 52. Kd3 Rb7 53. Kc2 Kc6 54. Kb3 Re7 55. Re2 Kb5 56. Re1 Rc7 57. Kb2 Rc3 58. Kb1 Kc4 59. Rg1 Rxe3 60. Rxg7 Kb3 61. Kc1 Rc3+ 62. Kd2 Rc2+ 63. Kd3 Rc3+ 64. Kd2 Kb2 65. Rg6 Rc2+ 66. Kd1 Rh2 67. Rxh6 b3 68. Rd6 Kb1 69. Rxd5 b2 70. Rxf5 Ka2 71. Ra5+ Kb3 72. Rb5+ Kc3 73. h6 Rh1+ 74. Ke2 b1Q 75. Rxb1 Rxb1 76. Kf3 Rh1 77. Ke4 Rxh6 78. f5 Rh4+ 79. Ke5 Rxd4 80. f6 Kc4 81. f7 Rd8 1/2-1/2

[Event "Madrid-ch Previa-A"]
[Site "Madrid"]
[Date "2019.02.04"]
[Round "1"]
[White "Gueler Berdasco, Martin"]
[Black "Rodriguez Bachiller, Luis"]
[Result "1-0"]
[WhiteElo "1904"]
[BlackElo "1635"]
[PlyCount "59"]
[EventDate "2019.02.04"]
[EventType "swiss"]
[EventRounds "9"]
[EventCountry "ESP"]
[SourceTitle "EXT 2021"]
[Source "ChessBase"]
[SourceDate "2020.10.23"]
[SourceVersion "1"]
[SourceVersionDate "2020.10.23"]
[SourceQuality "1"]

1. Nf3 Nf6 2. g3 g6 3. Bg2 Bg7 4. c4 d6 5. Nc3 c5 6. 0-0 0-0 7. d4 cxd4 8. Nxd4 a6 9. e4 Qc7 10. Qe2 Nc6 11. Nxc6 bxc6 12. Bf4 Nd7 13. Rac1 Re8 14. Rfd1 Rb8 15. b3 Bb7 16. Qd2 c5 17. h4 Nf6 18. Re1 Rbd8 19. Re2 Bc8 20. Nd5 Nxd5 21. exd5 Bg4 22. Ree1 h5 23. Bh6 e5 24. dxe6 Rxe6 25. Bd5 Rxe1+ 26. Rxe1 Qd7 27. Bxg7 Kxg7 28. Qe3 Kf8 29. Qh6+ Kg8 30. Qxg6+ 1-0

[Event "Madrid-ch Seniors 65"]
[Site "Madrid"]
[Date "2019.01.29"]
[Round "7"]
[White "Rodriguez Bachiller, Luis"]
[Black "Fernandez Garcia, Ignacio"]
[Result "0-1"]
[WhiteElo "1613"]
[BlackElo "1769"]
[PlyCount "28"]
[EventDate "2019.01.21"]
[EventType "swiss"]
[EventRounds "7"]
[EventCountry "ESP"]
[SourceTitle "CBM 188 Extra"]
[Source "ChessBase"]
[SourceDate "2019.02.26"]
[SourceVersion "1"]
[SourceVersionDate "2019.02.26"]
[SourceQuality "1"]

1. e4 d5 2. exd5 Qxd5 3. d4 Nc6 4. Nf3 Bg4 5. c3 e5 6. dxe5 Qxd1+ 7. Kxd1 Nxe5 8. Be2 Bxf3 9. gxf3 Nf6 10. Be3 Nd5 11. Nd2 Bd6 12. Ne4 Be7 13. Kc2 f5 14. Ng3 f4 0-1

[Event "Madrid-ch Seniors 65"]
[Site "Madrid"]
[Date "2019.01.22"]
[Round "2"]
[White "Garcia Esteban, Ignacio"]
[Black "Rodriguez Bachiller, Luis"]
[Result "1/2-1/2"]
[WhiteElo "1807"]
[BlackElo "1613"]
[PlyCount "71"]
[EventDate "2019.01.21"]
[EventType "swiss"]
[EventRounds "7"]
[EventCountry "ESP"]
[SourceTitle "CBM 188 Extra"]
[Source "ChessBase"]
[SourceDate "2019.02.26"]
[SourceVersion "1"]
[SourceVersionDate "2019.02.26"]
[SourceQuality "1"]

1. e4 c5 2. Nf3 e6 3. c4 d6 4. Nc3 Nc6 5. d4 cxd4 6. Nxd4 Be7 7. Be2 Nf6 8. 0-0 0-0 9. Be3 a6 10. Qd2 Qc7 11. Nxc6 Qxc6 12. f3 Bd7 13. Rac1 Rfd8 14. Rfd1 Be8 15. Qe1 Nd7 16. Qf2 Bf6 17. b3 Bxc3 18. Rxc3 f6 19. Rcc1 e5 20. Bf1 Bf7 21. g3 Nc5 22. Rd2 Rab8 23. Rcd1 b6 24. Bg2 a5 25. f4 Bh5 26. Re1 Qc7 27. Bf3 Bxf3 28. Qxf3 Qc6 29. Rd5 Na6 30. Red1 Nc7 31. R5d2 Ne8 32. fxe5 fxe5 33. Rf1 Nf6 34. Bg5 Qxe4 35. Bxf6 Qxf3 36. Rxf3 1/2-1/2

[Event "Madrid Chamartin op 7th"]
[Site "Madrid"]
[Date "2018.09.08"]
[Round "8"]
[White "Castro Uceda, Jose Antonio"]
[Black "Rodriguez Bachiller, Luis"]
[Result "1/2-1/2"]
[WhiteElo "1527"]
[BlackElo "1613"]
[PlyCount "124"]
[EventDate "2018.09.03"]
[EventType "swiss"]
[EventRounds "9"]
[EventCountry "ESP"]
[SourceTitle "CBM 187 Extra"]
[Source "ChessBase"]
[SourceDate "2018.11.04"]
[SourceVersion "1"]
[SourceVersionDate "2018.11.04"]
[SourceQuality "1"]

1. d4 Nf6 2. Bf4 d6 3. Nf3 g6 4. e3 Bg7 5. Bd3 Nh5 6. Bg5 0-0 7. e4 Bg4 8. Be2 Nc6 9. c3 h6 10. Be3 Nf6 11. Nbd2 e5 12. d5 Ne7 13. h3 Bd7 14. 0-0 c5 15. Qc2 Ne8 16. Nc4 f5 17. exf5 Bxf5 18. Bd3 Nxd5 19. Rfe1 Nxe3 20. Rxe3 b5 21. Ncd2 Qb6 22. Rae1 Rd8 23. Bxf5 Rxf5 24. Nh4 Rf6 25. Nxg6 Qc7 26. Nh4 Qf7 27. Ne4 Re6 28. Ng3 d5 29. Ngf5 e4 30. Qe2 h5 31. Qxb5 Rb6 32. Qxc5 Rxb2 33. Ne7+ Kh7 34. R3e2 Rxe2 35. Rxe2 Bxc3 36. Qxa7 Bf6 37. Nhf5 Bxe7 38. Qxe7 Qxe7 39. Nxe7 Nf6 40. Nc6 Rd6 41. Nd4 Kg6 42. Rc2 Ra6 43. Kf1 Kg5 44. g3 h4 45. f4+ Kh5 46. g4+ Nxg4 47. hxg4+ Kxg4 48. f5 h3 49. Rf2 Rf6 50. a4 Kg3 51. a5 h2 52. Ne2+ Kh3 53. Nf4+ Kg4 54. Rxh2 Rxf5 55. Rg2+ Kh4 56. Rf2 Kg4 57. a6 d4 58. a7 Ra5 59. Ne6 Ra1+ 60. Ke2 Ra2+ 61. Ke1 Ra1+ 62. Ke2 Ra2+ 1/2-1/2

[Event "Madrid-ch Seniors 65 1718"]
[Site "Madrid"]
[Date "2018.01.24"]
[Round "3"]
[White "Martinez de la Puente, Ignacio"]
[Black "Rodriguez Bachiller, Luis"]
[Result "1/2-1/2"]
[WhiteElo "1752"]
[BlackElo "1634"]
[PlyCount "121"]
[EventDate "2018.01.22"]
[EventType "swiss"]
[EventRounds "7"]
[EventCountry "ESP"]
[SourceTitle "EXT 2020"]
[Source "ChessBase"]
[SourceDate "2019.10.17"]
[SourceVersion "1"]
[SourceVersionDate "2019.10.17"]
[SourceQuality "1"]

1. e4 c6 2. d4 d5 3. exd5 cxd5 4. Bd3 Nf6 5. Bg5 e6 6. Nf3 Be7 7. 0-0 Nc6 8. c3 Bd7 9. Re1 0-0 10. Nbd2 h6 11. Bh4 Nh5 12. Bxe7 Nxe7 13. Ne5 Nf4 14. Bc2 Neg6 15. Qg4 f5 16. Qg3 Nxe5 17. Qxf4 Ng6 18. Qg3 Qg5 19. Qxg5 hxg5 20. Nf3 g4 21. Ne5 Nxe5 22. Rxe5 Rac8 23. Bb3 Kf7 24. Rae1 Rfe8 25. R1e3 Kf6 26. f4 gxf3 27. Rxf3 g5 28. Rh3 Rh8 29. Rxh8 Rxh8 30. h3 Bb5 31. Kf2 Bd3 32. Re3 Be4 33. Bd1 Rh4 34. Bf3 f4 35. Re2 Bxf3 36. Kxf3 Rh7 37. Kg4 Rh4+ 38. Kf3 Rh7 39. Re5 b5 40. a3 a6 41. Re1 Rc7 42. g3 fxg3 43. Re5 Rh7 44. Kxg3 Rh4 45. Re2 Ke7 46. Rf2 Re4 47. Rg2 Rh4 48. Rg1 Kf6 49. Rf1+ Ke7 50. Rf3 Re4 51. Kf2 Rh4 52. Rg3 Kf6 53. Ke2 Re4+ 54. Kd3 Re1 55. Re3 Rg1 56. Kc2 Rg2+ 57. Kb3 Rf2 58. a4 bxa4+ 59. Ka3 Kf5 60. Re5+ Kf6 61. Re3 1/2-1/2

[Event "Madrid-ch Seniors 50"]
[Site "Madrid"]
[Date "2018.01.11"]
[Round "4"]
[White "Rodriguez Bachiller, Luis"]
[Black "Marcos Herrero, Francisco"]
[Result "0-1"]
[WhiteElo "1634"]
[BlackElo "1876"]
[PlyCount "106"]
[EventDate "2018.01.08"]
[EventType "swiss"]
[EventRounds "9"]
[EventCountry "ESP"]
[SourceTitle "CBM 182 Extra"]
[Source "ChessBase"]
[SourceDate "2018.02.23"]
[SourceVersion "1"]
[SourceVersionDate "2018.02.23"]
[SourceQuality "1"]

1. e4 c5 2. Nf3 Nc6 3. d4 cxd4 4. Nxd4 g6 5. c4 Nf6 6. Nc3 d6 7. Be2 Nxd4 8. Qxd4 Bg7 9. 0-0 0-0 10. Be3 Ng4 11. Qd2 Nxe3 12. Qxe3 Be6 13. b3 Qb6 14. Qxb6 axb6 15. Rfc1 Rfc8 16. a4 b5 17. Rab1 bxc4 18. bxc4 Bxc4 19. Bxc4 Rxc4 20. Nd5 Rxe4 21. Rc7 Bf8 22. f3 Re5 23. Nb6 Rd8 24. Nd7 Ra5 25. Rbxb7 Bg7 26. Rb8 Bd4+ 27. Kf1 Rxb8 28. Nxb8 e6 29. Rc4 Bc5 30. Nc6 Ra6 31. Nd4 Kf8 32. Nb3 Ke7 33. Ke2 Bb6 34. Kd3 Kd7 35. Kc3 Bd8 36. Rb4 Bf6+ 37. Kd3 Kc7 38. a5 d5 39. Rf4 e5 40. Ra4 Kc6 41. Rb4 Be7 42. Rb8 Bd6 43. Rh8 h5 44. Rh7 Ra7 45. h3 Kb5 46. g4 hxg4 47. hxg4 Kb4 48. Kc2 e4 49. fxe4 Rc7+ 50. Kb2 Be5+ 51. Ka2 dxe4 52. Rh3 Rc2+ 53. Kb1 Rb2+ 0-1

[Event "Madrid-ch Seniors 50"]
[Site "Madrid"]
[Date "2018.01.10"]
[Round "3"]
[White "Lopez Heras, Arturo"]
[Black "Rodriguez Bachiller, Luis"]
[Result "1/2-1/2"]
[WhiteElo "1859"]
[BlackElo "1634"]
[PlyCount "70"]
[EventDate "2018.01.08"]
[EventType "swiss"]
[EventRounds "9"]
[EventCountry "ESP"]
[SourceTitle "CBM 182 Extra"]
[Source "ChessBase"]
[SourceDate "2018.02.23"]
[SourceVersion "1"]
[SourceVersionDate "2018.02.23"]
[SourceQuality "1"]

1. d4 Nf6 2. c4 e6 3. Nc3 c6 4. Bg5 Be7 5. Nf3 0-0 6. e3 b6 7. Bd3 h6 8. Bh4 d5 9. Ne5 Bb7 10. cxd5 cxd5 11. 0-0 Nbd7 12. f4 Ne4 13. Bxe7 Qxe7 14. Rc1 Ndf6 15. Nb5 Ne8 16. Qa4 a6 17. Nc3 b5 18. Qd1 N8d6 19. Qe2 Rac8 20. a4 Nxc3 21. bxc3 bxa4 22. Bxa6 Bxa6 23. Qxa6 Ra8 24. Qd3 Qc7 25. Rf2 Ne4 26. Rfc2 f5 27. c4 dxc4 28. Rxc4 Qa5 29. Ra1 Qb5 30. Rb1 Qa5 31. h3 Qd2 32. Rc2 Qxd3 33. Nxd3 a3 34. Ra1 Rfb8 35. Nc5 Nxc5 1/2-1/2

[Event "Madrid Chamartin op 6th"]
[Site "Madrid"]
[Date "2017.09.05"]
[Round "3"]
[White "Lobato Lavin, Alvaro"]
[Black "Rodriguez Bachiller, Luis"]
[Result "1-0"]
[WhiteElo "1937"]
[BlackElo "1646"]
[PlyCount "95"]
[EventDate "2017.09.04"]
[EventType "swiss"]
[EventRounds "9"]
[EventCountry "ESP"]
[SourceTitle "CBM 180 Extra"]
[Source "ChessBase"]
[SourceDate "2017.10.06"]
[SourceVersion "1"]
[SourceVersionDate "2017.10.06"]
[SourceQuality "1"]

1. e4 c6 2. d4 d5 3. f3 e5 4. dxe5 Qc7 5. exd5 Qxe5+ 6. Ne2 Qxd5 7. Qxd5 cxd5 8. Nbc3 Nf6 9. Bg5 Be6 10. 0-0-0 Nbd7 11. Nf4 Be7 12. Bxf6 Nxf6 13. Bb5+ Kf8 14. Nfxd5 Nxd5 15. Nxd5 Bg5+ 16. Kb1 Rd8 17. Rhe1 g6 18. Nc7 Rxd1+ 19. Rxd1 Ke7 20. Re1 Rd8 21. Nxe6 fxe6 22. Bd3 Kf6 23. g3 Bd2 24. Re2 Ba5 25. a3 h6 26. f4 Bc7 27. Kc1 g5 28. fxg5+ hxg5 29. Rf2+ Kg7 30. Kd2 Rf8 31. Rxf8 Kxf8 32. Ke3 Ke7 33. Ke4 Kf6 34. Bb5 b6 35. Be2 Bd6 36. b4 Be5 37. Bg4 Bb2 38. a4 Bc3 39. b5 Bb4 40. h4 gxh4 41. gxh4 Be1 42. h5 Bd2 43. c4 Bh6 44. Kd4 Bf8 45. Ke4 Bh6 46. c5 bxc5 47. a5 Bd2 48. b6 1-0

[Event "Madrid-ch Previa-A"]
[Site "Madrid"]
[Date "2017.02.06"]
[Round "1"]
[White "Rodriguez Bachiller, Luis"]
[Black "Santamaria Baeza, Adolfo"]
[Result "0-1"]
[WhiteElo "1656"]
[BlackElo "1872"]
[PlyCount "102"]
[EventDate "2017.02.06"]
[EventType "swiss"]
[EventRounds "9"]
[EventCountry "ESP"]
[SourceTitle "CBM 177 Extra"]
[Source "ChessBase"]
[SourceDate "2017.04.27"]
[SourceVersion "1"]
[SourceVersionDate "2017.04.27"]
[SourceQuality "1"]

1. Nf3 Nf6 2. g3 Nc6 3. Bg2 d5 4. c4 d4 5. d3 e5 6. 0-0 Be7 7. a3 a5 8. b3 0-0 9. a4 Re8 10. Na3 Bb4 11. Bd2 Bd7 12. Nc2 Bc5 13. Be1 Qe7 14. Nd2 Rad8 15. f3 Bf5 16. Bf2 Qd7 17. Ne4 Nxe4 18. dxe4 Bh3 19. Ne1 Bxg2 20. Kxg2 Bb4 21. Nd3 b6 22. Be1 Bd6 23. Qc2 Re6 24. Nf2 Bb4 25. Rd1 Bxe1 26. Rfxe1 Nb4 27. Qb1 Rh6 28. h4 Qd6 29. Nd3 c5 30. Nxb4 axb4 31. Qc1 Rg6 32. Rh1 h5 33. Rhf1 Qe7 34. Rh1 Rf8 35. Qc2 Qf6 36. Rh3 Qe6 37. Rf1 f5 38. exf5 Rxf5 39. Qd3 e4 40. Qxe4 Re5 41. Qd3 Rxe2+ 42. Rf2 Re3 43. Qd1 Qe5 44. Kh2 d3 45. f4 Qe4 46. Qh1 Rgxg3 47. Qxe4 Rxh3+ 48. Kg2 Rxe4 49. Kxh3 Re2 50. Kg2 Rc2 51. Kf3 d2 0-1

[Event "Madrid-ch Seniors 50"]
[Site "Madrid"]
[Date "2017.01.16"]
[Round "6"]
[White "Rodriguez Bachiller, Luis"]
[Black "Martin Rodriguez, Emilio"]
[Result "0-1"]
[WhiteElo "1657"]
[BlackElo "2056"]
[PlyCount "74"]
[EventDate "2017.01.09"]
[EventType "swiss"]
[EventRounds "9"]
[EventCountry "ESP"]
[SourceTitle "CBM 176 Extra"]
[Source "ChessBase"]
[SourceDate "2017.03.02"]
[SourceVersion "1"]
[SourceVersionDate "2017.03.02"]
[SourceQuality "1"]

1. Nf3 d5 2. c4 c6 3. g3 Nf6 4. Bg2 g6 5. b3 Bg7 6. Bb2 0-0 7. 0-0 a5 8. Nc3 Nbd7 9. d4 e6 10. Qc2 Re8 11. Rad1 b6 12. e4 dxc4 13. bxc4 Qc7 14. Rfe1 e5 15. d5 Ba6 16. d6 Qb8 17. Na4 Bf8 18. c5 bxc5 19. Nxc5 Nxc5 20. Nxe5 Rxe5 21. Bxe5 Ncd7 22. Bxf6 Nxf6 23. e5 Nd5 24. Rb1 Qe8 25. Bxd5 cxd5 26. f4 Bc4 27. f5 Qd7 28. g4 gxf5 29. gxf5 f6 30. Qg2+ Kh8 31. Rbc1 Rc8 32. Rxc4 dxc4 33. exf6 Bxd6 34. Qe4 Bb4 35. Rc1 c3 36. Qe6 Rg8+ 37. Kf1 Qd3+ 0-1

[Event "Madrid-ch Seniors 50"]
[Site "Madrid"]
[Date "2017.01.11"]
[Round "3"]
[White "Serrano Garcia, Vicente"]
[Black "Rodriguez Bachiller, Luis"]
[Result "1-0"]
[WhiteElo "1807"]
[BlackElo "1657"]
[PlyCount "115"]
[EventDate "2017.01.09"]
[EventType "swiss"]
[EventRounds "9"]
[EventCountry "ESP"]
[SourceTitle "CBM 176 Extra"]
[Source "ChessBase"]
[SourceDate "2017.03.02"]
[SourceVersion "1"]
[SourceVersionDate "2017.03.02"]
[SourceQuality "1"]

1. d4 Nf6 2. Nf3 e6 3. Bg5 Be7 4. e3 0-0 5. Bd3 b6 6. Nbd2 Ba6 7. c4 d5 8. Ne5 Bb7 9. 0-0 c5 10. f4 cxd4 11. exd4 dxc4 12. Ndxc4 Qxd4+ 13. Kh1 Rd8 14. Qc2 h6 15. Bh4 Qc5 16. a3 Nd5 17. b4 Qc7 18. Bxe7 Qxe7 19. Rae1 Nd7 20. f5 Nxe5 21. Nxe5 Rac8 22. Qe2 exf5 23. Qh5 Nf6 24. Qxf5 Qe6 25. Qf4 Qd5 26. Qg3 Nh5 27. Qg4 Rc7 28. Be4 Qe6 29. Qxh5 Bxe4 30. Rxe4 f6 31. Qg4 Qxg4 32. Nxg4 f5 33. Nxh6+ gxh6 34. Ref4 Rd5 35. h4 Rc3 36. a4 Rb3 37. b5 Ra3 38. Rc1 Rc5 39. Rd1 Rc7 40. Rfd4 Rf7 41. Rf1 Kg7 42. g4 Rh3+ 43. Kg2 Ra3 44. gxf5 Ra2+ 45. Kg3 h5 46. Kf4 Rh2 47. Kg5 Kf8 48. f6 Rg2+ 49. Kf5 Re2 50. Rd8+ Re8 51. Rxe8+ Kxe8 52. Re1+ Kf8 53. Kg6 Rd7 54. Rc1 Rd8 55. Rc7 Kg8 56. Rxa7 Kh8 57. Rh7+ Kg8 58. f7+ 1-0